000 00615nam a2200229Ia 4500
003 OSt
005 20221007073406.0
006 a|||||r|||| 00| 0
007 ta
008 221006b |||||||| |||| 00| 0 eng d
024 _a21,721
037 _cTextual
040 _aFLL
_cFLL
_beng
041 _2eng
_aeng
082 _aZ2:8e, J3
100 _aGopal Shiva
_9480899
245 0 _aConveyancing precedents and forms with notes
260 _aLucknow
_bEastern Book Company India
_c1953
300 _axxiv,526p
_ccm.
942 _hZ2:8e, J3
_cTEXL
_2CC
999 _c1148577
_d1148577